<?xml version="1.0" encoding="UTF-8"?>
<record
    xmlns:xsi="http://www.w3.org/2001/XMLSchema-instance"
    xsi:schemaLocation="http://www.loc.gov/MARC21/slim http://www.loc.gov/standards/marcxml/schema/MARC21slim.xsd"
    xmlns="http://www.loc.gov/MARC21/slim">

  <leader>00616nam a22001817a 4500</leader>
  <controlfield tag="003">UA-OsUOA</controlfield>
  <controlfield tag="001"> 25587 </controlfield>
  <controlfield tag="007">ta</controlfield>
  <controlfield tag="008">20040419b un ||||| |||| 00| 0 ukr d</controlfield>
  <datafield tag="100" ind1=" " ind2=" ">
    <subfield code="a">&#x41E;&#x440;&#x431;&#x430;&#x43D;-&#x41B;&#x435;&#x43C;&#x431;&#x440;&#x438;&#x43A; &#x41B;.</subfield>
  </datafield>
  <datafield tag="942" ind1=" " ind2=" ">
    <subfield code="c">SA</subfield>
  </datafield>
  <datafield tag="040" ind1=" " ind2=" ">
    <subfield code="a">UA-OsUOA</subfield>
    <subfield code="c">UA-OsUOA</subfield>
    <subfield code="d">UA-OsUOA</subfield>
  </datafield>
  <datafield tag="245" ind1=" " ind2=" ">
    <subfield code="a">&#x417;&#x430;&#x43B;&#x435;&#x436;&#x43D;&#x456;&#x441;&#x442;&#x44C; &#x43F;&#x43E;&#x432;&#x435;&#x434;&#x456;&#x43D;&#x43A;&#x438; &#x43E;&#x441;&#x43E;&#x431;&#x438;&#x441;&#x442;&#x43E;&#x441;&#x442;&#x456; &#x432;&#x456;&#x434; &#x432;&#x43F;&#x43B;&#x438;&#x432;&#x443; &#x43F;&#x440;&#x43E;&#x431;&#x43B;&#x435;&#x43C;&#x43D;&#x43D;&#x43E;&#x433;&#x43E; &#x441;&#x43E;&#x446;&#x456;&#x443;&#x43C;&#x443;</subfield>
  </datafield>
  <datafield tag="300" ind1=" " ind2=" ">
    <subfield code="a">&#x421;.71-82</subfield>
  </datafield>
  <datafield tag="955" ind1=" " ind2=" ">
    <subfield code="a">0</subfield>
  </datafield>
  <datafield tag="773" ind1="0" ind2=" ">
    <subfield code="w">0</subfield>
    <subfield code="t">&#x41F;&#x441;&#x438;&#x445;&#x43E;&#x43B;&#x43E;&#x433;&#x456;&#x44F; &#x456; &#x441;&#x443;&#x441;&#x43F;&#x456;&#x43B;&#x44C;&#x441;&#x442;&#x432;&#x43E;</subfield>
    <subfield code="d">&#x422;&#x435;&#x440;&#x43D;&#x43E;&#x43F;&#x456;&#x43B;&#x44C;</subfield>
    <subfield code="d">2004</subfield>
    <subfield code="g">&#x2116;1</subfield>
  </datafield>
  <datafield tag="650" ind1=" " ind2="7">
    <subfield code="a">&#x41F;&#x441;&#x438;&#x445;&#x43E;&#x43B;&#x43E;&#x433;&#x456;&#x44F; &#x43E;&#x441;&#x43E;&#x431;&#x438;&#x441;&#x442;&#x43E;&#x441;&#x442;&#x456;</subfield>
    <subfield code="2">UDC</subfield>
  </datafield>
  <datafield tag="999" ind1=" " ind2=" ">
    <subfield code="c">311885</subfield>
    <subfield code="d">311885</subfield>
  </datafield>
</record>
